League of Legends - Monde de Runeterra - Statistiques

Statistiques générales
  • Ce quiz a été pris 222 fois
  • Le résultat moyen est 10 sur 12
Statistiques - réponses
Hint Réponse % Correct
Royaume Demacia
97%
Empire guerrier Noxus
95%
Hextech Piltover
95%
Techno-chimie Zaun
95%
Sable Shurima
93%
Pirate Bilgewater
88%
Glace Freljord
88%
Non-existence Le Néant
83%
Terres premières Ionia
82%
Forêt Ixtal
78%
Montagne Targon
78%
Malédiction Iles obscures
66%
Aucun quiz correspondant
Distribution des résultats
% des personnes avec chaque résultat
Percentile par nombre de réponses
Votre historique - résultats
Vous n’avez pas pris ce quiz